000
00314nam a22001337a 4500
008
170222b xxu||||| |||| 00| 0 eng d
020
_a
2900721685594
041
_a
eng
080
_2
2ND
_a
616.31
100
_a
5
101
_a
SHS
245
_a
PERIODONTOLOGY FOR THE DENTAL HYGIENIST
_c
PERRY, D.A
942
_2
udc
_c
BK
999
_c
6028
_d
6028